00563 a2200169 4500003000500000005001700005020001500022040000900037082001500046100002000061245008700081260003700168300001200205505012700217610002800344650002100372NUST20221230172743.0 a0383026207 cNust a363.32,SCH aSchneier, Bruce aBeyond fear : bthinking sensibly about security in an uncertain /cBruce Schneier aNew YorkbCopernicus Booksc2003 a295 p.; aPart One- Sensible Security (Page-1), Part Two- How Security Works (Page-45), Part Three- The Game of Security (Page-255). aTerrorim-USA-Prevention aWar on terrorism